000 00378 a2200157 4500
001 75234
020 _a978-85-60630-23-3
040 _cAnchieta - Colégio São Paulo
100 _aNogueira, Marcos Aurélio
240 1 0 _aAfro indígena
_lpor
245 1 0 _aAfro indígena
300 _a180
362 0 _a2012
650 4 _aGrupo por nacioanildade, etinia, raça
942 _cBK
999 _c75234
_d75234